Statistics for The Legend of Zelda Characters

Click here to take the quiz!

General Stats

  • This quiz has been taken 360 times
  • The average score is 20 of 36

Answer Stats

HintAnswer% Correct
The quiet heroLink
100%
The princess the above always savesZelda
100%
Has the triforce of powerGanon
98%
Race of rock beingsGorons
87%
Fairy friend of number one in Ocarina of TimeNavi
86%
Number two's protector/caretakerImpa
81%
Antagonist in Majora's MaskSkull Kid
81%
The true Twilight Princess; companion to Number One in this gameMidna
80%
Zora Princess in Ocarina of TimeRuto
73%
Goddess of powerDin
70%
Daughter of the aboveMalon
67%
Goddess of wisdomNayru
64%
Fabulous antagonist from Skyward SwordGhirahim
63%
Red haired bully from Skyward SwordGroose
63%
Skyward Sword's final bossDemise
62%
Goddess of courageFarore
60%
He sells masks in various gamesThe Happy Mask Salesman
60%
The inhabitants of Skyloft use these to flyLoftwings
54%
Owner of Lon Lon RanchTalon
53%
Delivers the mail in Twilight PrincessThe Postman
53%
Princess of LoruleHilda
51%
Graveyard keeperDampe
49%
Rito girl who plays the harpMedli
47%
He lives in Snowpeak RuinsYeto
44%
Talking hat from Minish CapEzlo
40%
He sets up shop in your home and rents/sells weaponsRavio
40%
That annoying owl everybody hatesKaepora Gaebora
39%
Sea Captain who uses children and is afraid of dangerLinebeck
39%
Owns a cat and a bar in Castle TownTelma
38%
Korok who plays the violinMakar
35%
Rusl's son from Twilight PrincessColin
34%
Race of squirrel like creatures from the woods in Skyward SwordKikwi
28%
Shaman of Kakariko Village in Twilight PrincessRenado
23%
Scholarly man from Twilight PrincessShad
13%
The above's DaughterLuda
11%
Water dwelling race from Skyward SwordParella
7%

Score Distribution

Percentile by Number Answered

Percent of People with Each Score

Your Score History

You have not taken this quiz